Estatísticas para Cultura Geral

Clique aqui para jogar o quiz

Estatísticas Gerais

  • Esse quiz foi jogado 15 vezes
    (13 desde o último reset)
  • A pontuação média é 3 de 14

Estatísticas das Respostas

HintResposta% Correto
Que atriz adotou crianças do Camboja, Etiópia e Vietnã?Angelina Jolie
82%
Em que cidade se encontra o Estádio Azteca?Cidade do México
82%
O que é uma palavra de seis letras que tem três i's e é algo que as mulheres usam?Bikini
27%
Na América do Sul, eles são conhecidos como gaúchos. Como eles são chamados nos Estados Unidos?Cowboys
27%
As estalactites crescem do topo da caverna. O que cresce do chão de uma caverna?Estalagmites
27%
Em que país você encontraria a ilha de Ítaca?Grécia
27%
Que música de Barry Manilow era sobre um clube que era o "ponto mais quente ao norte de Havana"?Copacabana
9%
De que país vem o sorvete Häagen-Dazs?Estados Unidos
9%
No universo de Harry Potter, qual é o nome das pessoas que não podem usar magia?Muggles
9%
Quem é a Presidente da Comissão Europeia?Ursula von der Leyen
9%
De que país vêm os sanduíches bánh mì?Vietnã
9%
Qual país contém a maioria das montanhas Hindu Kush?Afeganistão
0%
Qual era o ponto de encontro central da Roma antiga?Fórum
0%
Que músico de rock famoso mordeu a cabeça de um morcego enquanto estava no palco?Ozzy Osbourne
0%

Distribuição das Pontuações

Percentil de Números Respondidos

Porcentagem de Pessoas com Cada Pontuação

Sua Pontuação Histórica

Você não jogou esse quiz desde o último reset